000 00518nam a2200193Ia 4500
003 OSt
005 20221007082826.0
006 a|||||r|||| 00| 0
007 ta
008 221006b |||||||| |||| 00| 0 eng d
024 _a29,484
037 _cDissertations
040 _aFLL
_cFLL
_beng
041 _2eng
_aeng
100 _aIndira
_9225437
245 0 _aSexual harassment of women at workplace
_b an evaluation of impact of Vishaka ruling
942 _cDIS
_2CC
999 _c1167865
_d1167865